| 000 | 01159nam0a22002771 4500 | ||
|---|---|---|---|
| 001 | v19\rc\1576464 | ||
| 005 | 20260531084908.0 | ||
| 035 | _a(NLR Aleph) 004704310 | ||
| 090 |
_a4111342 _c4111342 |
||
| 100 | _a20061002d1893 |||y0rusy50 ca | ||
| 101 | 0 | _arus | |
| 102 | _aRU | ||
| 105 | _ay z |||a| | ||
| 200 | 1 |
_aПроклятое место и любовь до гроба _e(Рассказ) _f[Соч.] И.И. Кланга |
|
| 210 |
_aМосква _cИ.А. Морозов _d1893 |
||
| 215 |
_a36 с. _d18 |
||
| 300 | _aИзд. также под загл.: "Дьявольское наваждение и любовь до гроба" | ||
| 451 | 0 |
_12001#$aДьявольское наваждение и любовь до гроба _tДьявольское наваждение и любовь до гроба |
|
| 700 | 1 |
_7ca _8rus _aКланг _bИ. И. _cписатель, художник _f1858-1917 _gИван Иванович _3RU\NLR\AUTH\770206135 _9206083 |
|
| 801 | 0 |
_aRU _bNLR _gpsbo |
|
| 801 | 0 |
_aRU _bRuMoRGB _2psbo |
|
| 801 | 1 |
_aRU _bProSoft-M _2rusmarc |
|
| 852 |
_aNLR _j18.188.3.181 |
||
| 899 |
_aRuMoRGB _jA 207/512 |
||
| 942 | _cBOOK | ||
| 980 | _aNB | ||